Music Quiz

Random Music or Video Games Quiz

Blindtest Professor Layton : 01 Quiz Stats

 Plays Quiz not verified by Sporcle

Challenge
Share
Tweet
Score 0/10 Timer 03:00
0 Plays Today
% Correct
Professor Layton & the Unwound Future - Huge Weapon
73.3%
Professor Layton & the Unwound Future - Puzzles
67%
Professor Layton & The Curious Village - Layton's Theme
61.9%
Professor Layton & The Curious Village - Puzzle
60.8%
Professor Layton & The Curious Village - Walking in the Village
57.4%
Professor Layton & the Unwound Future - Puzzle Battle
52.3%
Professor layton and the mask of miracle - Theme
50%
Professor Layton and the Specter's Flute - Theme
48.9%
Professor Layton and The Unwound Future - Theme
44.9%
Professor Layton Pandora´s Box - Theme
36.4%

You're not logged in!

Compare scores with friends on all Sporcle quizzes.
Join for Free
OR
Log In

You Might Also Like...

Show Comments

Extras

Top Quizzes Today


Score Distribution

Your Account Isn't Verified!

In order to create a playlist on Sporcle, you need to verify the email address you used during registration. Go to your Sporcle Settings to finish the process.

Report this User

Report this user for behavior that violates our Community Guidelines.

Details: